|
|
|
|
| LEADER |
01395nam a22003497i 4500 |
| 001 |
38793 |
| 003 |
BD-DhAAL |
| 005 |
20220606100817.0 |
| 008 |
220606t2014 dcuab b 001 0 eng d |
| 999 |
|
|
|c 44254
|d 44254
|
| 010 |
|
|
|a 2014941999
|
| 020 |
|
|
|a 9781610915854
|
| 020 |
|
|
|a 1610915852
|
| 035 |
|
|
|a (OCoLC)ocn876350463
|
| 040 |
|
|
|a YDXCP
|b eng
|c YDXCP
|e rda
|d BDX
|d OCLCQ
|d OCLCO
|d CLE
|d BTCTA
|d OCLCQ
|d DLC
|d BD-DhAAL
|
| 042 |
|
|
|a lccopycat
|
| 050 |
0 |
0 |
|a HV551.2
|b .M37 2014
|
| 082 |
0 |
4 |
|a 363.34
|2 23
|
| 100 |
1 |
|
|a Masterson, Jaimie Hicks,
|e author.
|9 48948
|
| 245 |
1 |
0 |
|a Planning for community resilience :
|b a handbook for reducing vulnerability to disasters /
|c Jaimie Hicks Masterson ... [et al.]..
|
| 264 |
|
1 |
|a Washington :
|b Island Press,
|c 2014.
|
| 300 |
|
|
|a x, 244 pages :
|b illustrations, maps ;
|c 26 cm.
|
| 504 |
|
|
|a Includes bibliographical references (pages 209-232) and index.
|
| 526 |
|
|
|a PPDM, ARC
|
| 541 |
|
|
|a Trim Education
|e 38793
|
| 650 |
|
0 |
|a Emergency management.
|9 48949
|
| 650 |
|
0 |
|a City planning.
|9 48950
|
| 650 |
|
0 |
|a Organizational resilience.
|9 48951
|
| 650 |
|
0 |
|a SOCIAL SCIENCE / Sociology / General.
|9 48952
|
| 852 |
|
|
|a Ayesha Abed Library
|c General Stacks
|
| 942 |
|
|
|2 ddc
|c BK
|
| 952 |
|
|
|0 0
|1 0
|2 ddc
|4 0
|6 363_340000000000000_MAS
|7 0
|9 70734
|a BRACUL
|b BRACUL
|c GEN
|d 2022-05-31
|e Trim Education
|g 3480.00
|l 0
|o 363.34 MAS
|p 3010038793
|r 2022-05-31
|t 1
|v 3480.00
|w 2022-05-31
|y BK
|